Statistics for Czech and Slovak airports by International Code

Click here to take the quiz!

General Stats

  • This quiz has been taken 41 times
  • The average score is 8 of 13

Answer Stats

HintAnswer% Correct
BTSBratislava
100%
PRGPrague
100%
BRQBrno-Turany
94%
KSCKosice
91%
OSROstrava
88%
KLVKarlovy Vary
62%
TATPoprad-Tatry
59%
PEDPardubice
53%
UHEKunovice/Uherske Hradiste
47%
ILZZilina
35%
SLDSliac
29%
PZYPiestany
24%
LUEBolkovce/Lucenec
18%

Score Distribution

Percentile by Number Answered

Percent of People with Each Score

Your Score History

You have not taken this quiz